| 000 | 01257nac a22003131i 4500 | ||
|---|---|---|---|
| 003 | EG-ScBUE | ||
| 005 | 20250720092045.0 | ||
| 008 | 090122r20061951enka f 001 0 eng d | ||
| 020 | _a0198570252 (pbk. : acid-free paper) | ||
| 020 | _a9780198570257 | ||
| 040 |
_aEG-ScBUE _beng _erda _cEG-ScBUE _dEG-ScBUE |
||
| 082 | 0 | 4 |
_a541 _bHIN _222 |
| 100 | 1 |
_aHinshelwood, Cyril, _cSir, _d1897-1967, _eauthor. |
|
| 245 | 1 | 4 |
_aThe structure of physical chemistry / _cby C. N. Hinshelwood. |
| 250 | _bReprinted edition. | ||
| 264 | 1 |
_aOxford : _bClarendon Press, _c2006. |
|
| 300 |
_aviii, 476 pages : _billustrations ; _c24 cm. |
||
| 336 |
_2rdacontent _atext _btxt |
||
| 337 |
_aunmediated _2rdamedia _bn |
||
| 338 |
_avolume _bnc _2rdacarrier |
||
| 490 | 0 | _aOxford classic texts in the physical sciences | |
| 500 | _aIncludes index. | ||
| 650 | 7 |
_aChemistry, Physical and theoretical. _2BUEsh |
|
| 655 | _vReading book | ||
| 856 | 4 | 2 |
_3Publisher description _uhttp://www.loc.gov/catdir/enhancements/fy0639/2006271302-d.html |
| 856 | 4 | 2 |
_3Table of contents only _uhttp://www.loc.gov/catdir/enhancements/fy0639/2006271302-t.html |
| 856 | 4 | 2 |
_3Contributor biographical information _uhttp://www.loc.gov/catdir/enhancements/fy0725/2006271302-b.html |
| 942 |
_cBB _2ddc |
||
| 999 |
_c8383 _d8383 |
||